00493nam a2200133Ia 450000500170000000800410001702000180005808200130007610000170008924501000010626000320020630000180023850001030025620240927041757.0240331s9999 xx 000 0 und d a9789350092613 a808bCHA aChatterjee,P 4aThe Prince and the Sannyasi :bThe Kumar of Bhawal and the Secret History of Indian Nationalism aIndiabHachette Indiac2002 axix, 650 p ., aThis Extraordinary book represents an immensely valuable addition to the literature on south Asia.